000 00592nam a2200241 a 4500
001 nice12345678
003 IN_TiNIC
005 20260116011517.0
008 050524s1936 amra grp 000 0 eng
020 _a
_c100
082 0 0 _a294.6
_bSIN3
100 _aSingh, Brijindra
245 _aShri Guru Arjuna Dev
_b the Poet and the Organizer
260 _aAmritsar
_bBazar Mai Sewan
_c1936
300 _a52p
500 _aincludes index and biblioraphy
505 2 _areference
650 _aSikhism
700 1 _aSingh, Brijindra
902 _bSRS
942 _cBK
999 _c2172
_d2172